[Event "English Schools Championship Final 2024"]
[Site "Nottingham University Kings Meadow Campus, United Kingdom"]
[Date "2024.06.27"]
[Round "3.74"]
[White "Rivera, Roman"]
[Black "Quraishi, Ayaan"]
[Result "1-0"]
[TimeControl "G50' + 10\" per move."]
[WhiteElo "1699"]
[BlackElo "1458"]

1. e4 {[%clk 00:50:18]} {[%emt 00:00:02]} e5 {[%clk 00:50:05]} {[%emt
00:00:15]} 2. Nf3 {[%clk 00:50:23]} {[%emt 00:00:05]} Nc6 {[%clk 00:50:06]}
{[%emt 00:00:09]} 3. Bb5 {[%clk 00:50:15]} {[%emt 00:00:11]} Nf6 {[%clk
00:49:54]} {[%emt 00:00:29]} 4. Bxc6 {[%clk 00:49:45]} {[%emt 00:00:24]} bxc6
{[%clk 00:49:28]} {[%emt 00:00:51]} 5. d3 {[%clk 00:49:39]} {[%emt 00:00:18]}
h6 {[%clk 00:49:20]} {[%emt 00:00:17]} 6. Nxe5 {[%clk 00:49:26]} {[%emt
00:00:23]} Bb7 {[%clk 00:47:16]} {[%emt 00:02:12]} 7. Qf3 {[%clk 00:48:40]}
{[%emt 00:00:57]} d5 {[%clk 00:46:47]} {[%emt 00:00:39]} 8. O-O {[%clk
00:47:30]} {[%emt 00:01:19]} Bd6 {[%clk 00:46:14]} {[%emt 00:00:43]} 9. Bf4
{[%clk 00:46:38]} {[%emt 00:01:03]} O-O {[%clk 00:45:34]} {[%emt 00:00:50]} 10.
Nd2 {[%clk 00:45:49]} {[%emt 00:00:59]} Re8 {[%clk 00:42:56]} {[%emt 00:02:47]}
11. d4 {[%clk 00:44:36]} {[%emt 00:01:26]} c5 {[%clk 00:38:10]} {[%emt
00:04:56]} 12. c3 {[%clk 00:41:06]} {[%emt 00:03:40]} cxd4 {[%clk 00:37:51]}
{[%emt 00:00:28]} 13. cxd4 {[%clk 00:41:02]} {[%emt 00:00:15]} Bb4 {[%clk
00:37:37]} {[%emt 00:00:23]} 14. Rfd1 {[%clk 00:39:04]} {[%emt 00:02:09]} Bxd2
{[%clk 00:37:12]} {[%emt 00:00:35]} 15. Rxd2 {[%clk 00:38:56]} {[%emt
00:00:18]} dxe4 {[%clk 00:36:21]} {[%emt 00:01:01]} 16. Qe3 {[%clk 00:37:51]}
{[%emt 00:01:16]} Nd7 {[%clk 00:31:41]} {[%emt 00:04:42]} 17. Nxf7 {[%clk
00:34:44]} {[%emt 00:03:24]} Kxf7 {[%clk 00:30:24]} {[%emt 00:01:27]} 18. Qb3+
{[%clk 00:34:43]} {[%emt 00:00:11]} Kf8 {[%clk 00:28:10]} {[%emt 00:02:23]} 19.
Qxb7 {[%clk 00:34:09]} {[%emt 00:00:46]} Qf6 {[%clk 00:27:03]} {[%emt
00:01:13]} 20. Qxc7 {[%clk 00:32:29]} {[%emt 00:01:53]} Rec8 {[%clk 00:26:11]}
{[%emt 00:00:58]} 21. Qd6+ {[%clk 00:31:35]} {[%emt 00:01:08]} Qxd6 {[%clk
00:25:26]} {[%emt 00:00:55]} 22. Bxd6+ {[%clk 00:31:42]} {[%emt 00:00:03]} Kg8
{[%clk 00:25:18]} {[%emt 00:00:18]} 23. g3 {[%clk 00:30:52]} {[%emt 00:01:01]}
Rc6 {[%clk 00:23:55]} {[%emt 00:01:31]} 24. Bf4 {[%clk 00:29:50]} {[%emt
00:01:12]} Rac8 {[%clk 00:22:34]} {[%emt 00:01:31]} 25. Rb1 {[%clk 00:27:40]}
{[%emt 00:02:21]} Ra6 {[%clk 00:20:28]} {[%emt 00:02:17]} 26. b3 {[%clk
00:27:24]} {[%emt 00:00:27]} Nf6 {[%clk 00:19:55]} {[%emt 00:00:39]} 27. Rbb2
{[%clk 00:26:38]} {[%emt 00:01:00]} Nd5 {[%clk 00:18:43]} {[%emt 00:01:18]} 28.
Be5 {[%clk 00:25:14]} {[%emt 00:01:38]} e3 {[%clk 00:17:34]} {[%emt 00:01:19]}
29. fxe3 {[%clk 00:22:53]} {[%emt 00:02:31]} Nxe3 {[%clk 00:17:37]} {[%emt
00:00:07]} 30. d5 {[%clk 00:21:31]} {[%emt 00:01:32]} Rb6 {[%clk 00:16:36]}
{[%emt 00:01:12]} 31. Bd4 {[%clk 00:21:03]} {[%emt 00:00:37]} Rc1+ {[%clk
00:16:41]} {[%emt 00:00:07]} 32. Kf2 {[%clk 00:20:53]} {[%emt 00:00:20]} Ng4+
{[%clk 00:16:24]} {[%emt 00:00:25]} 33. Kf3 {[%clk 00:20:26]} {[%emt 00:00:38]}
h5 {[%clk 00:15:05]} {[%emt 00:01:27]} 34. Bxb6 {[%clk 00:20:20]} {[%emt
00:00:17]} Rf1+ {[%clk 00:14:51]} {[%emt 00:00:22]} 35. Bf2 {[%clk 00:20:19]}
{[%emt 00:00:13]} Ne5+ {[%clk 00:14:05]} {[%emt 00:00:56]} 36. Kg2 {[%clk
00:19:50]} {[%emt 00:00:40]} 1-0

[Event "English Schools Championship Final 2024"]
[Site "Nottingham University Kings Meadow Campus, United Kingdom"]
[Date "2024.06.27"]
[Round "3.75"]
[White "Pannu, Aaron"]
[Black "Ononye, Chigozim"]
[Result "0-1"]
[TimeControl "G50' + 10\" per move."]
[WhiteFideId "483648"]
[WhiteElo "1148"]
[BlackElo "1627"]

1. e4 {[%clk 00:50:18]} e5 {[%clk 00:50:17]} {[%emt 00:00:04]} 2. Nf3 {[%clk
00:50:25]} {[%emt 00:00:02]} Nc6 {[%clk 00:50:20]} {[%emt 00:00:06]} 3. d4
{[%clk 00:50:30]} {[%emt 00:00:06]} exd4 {[%clk 00:50:10]} {[%emt 00:00:21]} 4.
c3 {[%clk 00:50:31]} {[%emt 00:00:09]} dxc3 {[%clk 00:50:04]} {[%emt 00:00:16]}
5. Nxc3 {[%clk 00:50:29]} {[%emt 00:00:11]} d6 {[%clk 00:49:49]} {[%emt
00:00:27]} 6. Bc4 {[%clk 00:50:22]} {[%emt 00:00:17]} h6 {[%clk 00:49:39]}
{[%emt 00:00:19]} 7. O-O {[%clk 00:50:07]} {[%emt 00:00:26]} Nf6 {[%clk
00:49:37]} {[%emt 00:00:12]} 8. Re1 {[%clk 00:50:00]} {[%emt 00:00:17]} Be7
{[%clk 00:49:38]} {[%emt 00:00:08]} 9. Nd5 {[%clk 00:41:28]} {[%emt 00:08:43]}
O-O {[%clk 00:49:26]} {[%emt 00:00:19]} 10. b3 {[%clk 00:36:45]} {[%emt
00:04:55]} Re8 {[%clk 00:49:17]} {[%emt 00:00:19]} 11. Bb2 {[%clk 00:36:23]}
{[%emt 00:00:31]} Bg4 {[%clk 00:48:39]} {[%emt 00:00:50]} 12. Qe2 {[%clk
00:33:13]} {[%emt 00:03:20]} Nh7 {[%clk 00:48:31]} {[%emt 00:00:17]} 13. Qe3
{[%clk 00:29:36]} {[%emt 00:03:47]} Bxf3 {[%clk 00:47:47]} {[%emt 00:00:55]} 14.
Qxf3 {[%clk 00:29:34]} {[%emt 00:00:12]} Ng5 {[%clk 00:47:02]} {[%emt
00:00:51]} 15. Qg3 {[%clk 00:27:34]} {[%emt 00:02:13]} Bf8 {[%clk 00:46:31]}
{[%emt 00:00:41]} 16. f4 {[%clk 00:25:15]} {[%emt 00:02:29]} Nh7 {[%clk
00:45:57]} {[%emt 00:00:43]} 17. e5 {[%clk 00:24:36]} {[%emt 00:00:51]} Re6
{[%clk 00:43:34]} {[%emt 00:02:31]} 18. Nf6+ {[%clk 00:22:20]} {[%emt
00:02:27]} Nxf6 {[%clk 00:42:50]} {[%emt 00:00:54]} 19. Bxe6 {[%clk 00:21:45]}
{[%emt 00:00:45]} Nh5 {[%clk 00:42:32]} {[%emt 00:00:27]} 20. Qg4 {[%clk
00:17:46]} {[%emt 00:04:11]} Nxf4 {[%clk 00:42:05]} {[%emt 00:00:37]} 21. Bxf7+
{[%clk 00:16:38]} {[%emt 00:01:18]} Kxf7 {[%clk 00:41:50]} {[%emt 00:00:24]} 22.
Qxf4+ {[%clk 00:16:42]} {[%emt 00:00:07]} Kg8 {[%clk 00:41:38]} {[%emt
00:00:22]} 23. Rad1 {[%clk 00:15:11]} {[%emt 00:01:42]} Qc8 {[%clk 00:40:39]}
{[%emt 00:01:07]} 24. e6 {[%clk 00:14:52]} {[%emt 00:00:30]} Qd8 {[%clk
00:40:26]} {[%emt 00:00:22]} 25. Qf7+ {[%clk 00:13:47]} {[%emt 00:01:17]} Kh8
{[%clk 00:40:17]} {[%emt 00:00:20]} 26. g4 {[%clk 00:10:31]} {[%emt 00:03:25]}
Qe7 {[%clk 00:40:07]} {[%emt 00:00:20]} 27. h3 {[%clk 00:08:46]} {[%emt
00:01:55]} Re8 {[%clk 00:39:52]} {[%emt 00:00:24]} 28. h4 {[%clk 00:08:01]}
{[%emt 00:00:57]} Nd8 {[%clk 00:39:39]} {[%emt 00:00:23]} 29. Qxe7 {[%clk
00:07:09]} {[%emt 00:01:02]} Rxe7 {[%clk 00:39:23]} {[%emt 00:00:26]} 30. Rf1
{[%clk 00:06:36]} {[%emt 00:00:43]} Kg8 {[%clk 00:39:06]} {[%emt 00:00:26]} 31.
Rf4 {[%clk 00:04:56]} {[%emt 00:01:51]} Nxe6 {[%clk 00:38:17]} {[%emt
00:00:59]} 32. Re4 {[%clk 00:03:52]} {[%emt 00:01:15]} g6 {[%clk 00:37:55]}
{[%emt 00:00:32]} 33. Rde1 {[%clk 00:03:58]} {[%emt 00:00:04]} Kf7 {[%clk
00:38:01]} {[%emt 00:00:04]} 34. g5 {[%clk 00:04:00]} {[%emt 00:00:09]} Nc5
{[%clk 00:38:00]} {[%emt 00:00:11]} 35. Rxe7+ {[%clk 00:03:38]} {[%emt
00:00:33]} Bxe7 {[%clk 00:38:07]} {[%emt 00:00:02]} 36. Rf1+ {[%clk 00:03:44]}
{[%emt 00:00:04]} Kg8 {[%clk 00:38:04]} {[%emt 00:00:13]} 37. gxh6 {[%clk
00:03:48]} {[%emt 00:00:04]} Bxh4 {[%clk 00:38:07]} {[%emt 00:00:08]} 38. Kh2
{[%clk 00:03:54]} {[%emt 00:00:04]} Nd3 {[%clk 00:38:02]} {[%emt 00:00:15]} 39.
Bc3 {[%clk 00:03:55]} {[%emt 00:00:10]} Nc5 {[%clk 00:37:34]} {[%emt 00:00:39]}
40. Kg2 {[%clk 00:04:02]} {[%emt 00:00:02]} c6 {[%clk 00:37:27]} {[%emt
00:00:15]} 41. Rh1 {[%clk 00:04:11]} {[%emt 00:00:03]} g5 {[%clk 00:37:33]}
{[%emt 00:00:04]} 42. Kf3 {[%clk 00:04:11]} {[%emt 00:00:11]} Kh7 {[%clk
00:37:32]} {[%emt 00:00:10]} 43. Bg7 {[%clk 00:04:10]} {[%emt 00:00:10]} Ne6
{[%clk 00:37:38]} {[%emt 00:00:04]} 44. Bc3 {[%clk 00:04:07]} {[%emt 00:00:13]}
Kxh6 {[%clk 00:37:36]} {[%emt 00:00:12]} 45. Kg4 {[%clk 00:04:15]} {[%emt
00:00:03]} Kg6 {[%clk 00:37:43]} {[%emt 00:00:03]} 46. Bd2 {[%clk 00:04:21]}
{[%emt 00:00:04]} Nc5 {[%clk 00:37:36]} {[%emt 00:00:16]} 47. Rf1 {[%clk
00:04:21]} {[%emt 00:00:08]} Ne4 {[%clk 00:37:43]} {[%emt 00:00:06]} 48. Bc3
{[%clk 00:04:18]} {[%emt 00:00:12]} Nxc3 {[%clk 00:37:49]} {[%emt 00:00:05]} 49.
Rf3 {[%clk 00:04:22]} {[%emt 00:00:06]} Ne4 {[%clk 00:37:54]} {[%emt 00:00:05]}
50. Re3 {[%clk 00:04:23]} {[%emt 00:00:08]} d5 {[%clk 00:38:02]} {[%emt
00:00:03]} 51. Re2 {[%clk 00:04:17]} {[%emt 00:00:16]} Kf6 {[%clk 00:38:10]} 52.
Rc2 {[%clk 00:04:23]} {[%emt 00:00:04]} Ke5 {[%clk 00:38:19]} {[%emt 00:00:02]}
53. Re2 {[%clk 00:04:29]} {[%emt 00:00:04]} Kd4 {[%clk 00:38:27]} {[%emt
00:00:02]} 54. Kf3 {[%clk 00:04:36]} {[%emt 00:00:04]} Kc3 {[%clk 00:38:35]}
{[%emt 00:00:02]} 55. Re3+ {[%clk 00:04:40]} {[%emt 00:00:05]} Kc2 {[%clk
00:38:32]} {[%emt 00:00:12]} 56. a4 {[%clk 00:04:47]} {[%emt 00:00:04]} Bg3
{[%clk 00:38:32]} {[%emt 00:00:10]} 57. Rd3 {[%clk 00:04:53]} {[%emt 00:00:04]}
Kxd3 {[%clk 00:38:33]} {[%emt 00:00:09]} 58. b4 {[%clk 00:05:00]} {[%emt
00:00:03]} Kc4 {[%clk 00:38:41]} {[%emt 00:00:02]} 59. b5 {[%clk 00:05:08]}
{[%emt 00:00:02]} cxb5 {[%clk 00:38:48]} {[%emt 00:00:02]} 60. axb5 {[%clk
00:04:57]} {[%emt 00:00:02]} Kxb5 {[%clk 00:38:48]} 61. Ke2 {[%emt 00:00:29]}
0-1

[Event "English Schools Championship Final 2024"]
[Site "Nottingham University Kings Meadow Campus, United Kingdom"]
[Date "2024.06.27"]
[Round "3.76"]
[White "Rivera, Romeu"]
[Black "Pannu, Mya"]
[Result "1-0"]
[TimeControl "G50' + 10\" per move."]
[BlackFideId "483656"]
[WhiteElo "1629"]
[BlackElo "1098"]

1. d4 {[%clk 00:50:18]} {[%emt 00:00:02]} d5 {[%clk 00:50:15]} {[%emt
00:00:05]} 2. c4 {[%clk 00:50:21]} {[%emt 00:00:07]} dxc4 {[%clk 00:50:04]}
{[%emt 00:00:21]} 3. e3 {[%clk 00:50:19]} {[%emt 00:00:13]} Nc6 {[%clk
00:49:46]} {[%emt 00:00:27]} 4. Bxc4 {[%clk 00:50:09]} {[%emt 00:00:19]} Nf6
{[%clk 00:49:32]} {[%emt 00:00:27]} 5. Nc3 {[%clk 00:50:02]} {[%emt 00:00:17]}
Bf5 {[%clk 00:49:22]} {[%emt 00:00:20]} 6. Nf3 {[%clk 00:49:39]} {[%emt
00:00:32]} e6 {[%clk 00:49:16]} {[%emt 00:00:16]} 7. O-O {[%clk 00:49:26]}
{[%emt 00:00:24]} Bd6 {[%clk 00:49:17]} {[%emt 00:00:09]} 8. Re1 {[%clk
00:48:52]} {[%emt 00:00:44]} Ne4 {[%clk 00:48:09]} {[%emt 00:01:18]} 9. a3
{[%clk 00:47:45]} {[%emt 00:01:17]} a6 {[%clk 00:47:27]} {[%emt 00:00:51]} 10.
Nxe4 {[%clk 00:46:50]} {[%emt 00:01:05]} Bxe4 {[%clk 00:47:24]} {[%emt
00:00:13]} 11. Bd3 {[%clk 00:46:00]} {[%emt 00:01:01]} Bxf3 {[%clk 00:44:48]}
{[%emt 00:02:46]} 12. Qxf3 {[%clk 00:45:50]} {[%emt 00:00:20]} Qf6 {[%clk
00:42:55]} {[%emt 00:02:03]} 13. Qxf6 {[%clk 00:45:18]} {[%emt 00:00:42]} gxf6
{[%clk 00:42:58]} {[%emt 00:00:06]} 14. Bd2 {[%clk 00:44:14]} {[%emt 00:01:14]}
e5 {[%clk 00:41:45]} {[%emt 00:01:23]} 15. d5 {[%clk 00:42:25]} {[%emt
00:01:59]} Ne7 {[%clk 00:40:55]} {[%emt 00:01:00]} 16. e4 {[%clk 00:41:42]}
{[%emt 00:00:53]} Rg8 {[%clk 00:39:58]} {[%emt 00:01:07]} 17. Rac1 {[%clk
00:40:41]} {[%emt 00:01:10]} Ng6 {[%clk 00:38:01]} {[%emt 00:02:07]} 18. a4
{[%clk 00:37:40]} {[%emt 00:03:11]} Nh4 {[%clk 00:35:43]} {[%emt 00:02:28]} 19.
Kh1 {[%clk 00:31:49]} {[%emt 00:06:01]} Kd7 {[%clk 00:30:58]} {[%emt 00:04:56]}
20. Rg1 {[%clk 00:30:33]} {[%emt 00:01:26]} b6 {[%clk 00:29:58]} {[%emt
00:01:09]} 21. f3 {[%clk 00:28:47]} {[%emt 00:01:56]} Bc5 {[%clk 00:28:29]}
{[%emt 00:01:39]} 22. Rxc5 {[%clk 00:28:13]} {[%emt 00:00:45]} bxc5 {[%clk
00:28:28]} {[%emt 00:00:10]} 23. Be2 {[%clk 00:27:40]} {[%emt 00:00:44]} Rab8
{[%clk 00:27:26]} {[%emt 00:01:12]} 24. Bc3 {[%clk 00:27:11]} {[%emt 00:00:38]}
Rb3 {[%clk 00:27:24]} {[%emt 00:00:12]} 25. Bxa6 {[%clk 00:26:27]} {[%emt
00:00:54]} Rbb8 {[%clk 00:24:30]} {[%emt 00:03:04]} 26. Bb5+ {[%clk 00:25:16]}
{[%emt 00:01:21]} Kd6 {[%clk 00:23:02]} {[%emt 00:01:38]} 27. Be2 {[%clk
00:21:37]} {[%emt 00:03:48]} c6 {[%clk 00:21:26]} {[%emt 00:01:46]} 28. dxc6
{[%clk 00:19:59]} {[%emt 00:01:47]} Kxc6 {[%clk 00:21:15]} {[%emt 00:00:22]} 29.
g3 {[%clk 00:19:40]} {[%emt 00:00:30]} Ng6 {[%clk 00:20:41]} {[%emt 00:00:44]}
30. Bc4 {[%clk 00:18:57]} {[%emt 00:00:52]} Rg7 {[%clk 00:19:29]} {[%emt
00:01:22]} 31. Rd1 {[%clk 00:17:23]} {[%emt 00:01:44]} Rc8 {[%clk 00:16:21]}
{[%emt 00:03:18]} 32. Bb5+ {[%clk 00:16:23]} {[%emt 00:01:11]} Kb7 {[%clk
00:13:24]} {[%emt 00:03:05]} 33. Rd7+ {[%clk 00:15:14]} {[%emt 00:01:19]} Ka8
{[%clk 00:12:38]} {[%emt 00:00:56]} 34. Rd6 {[%clk 00:14:49]} {[%emt 00:00:35]}
Ne7 {[%clk 00:12:01]} {[%emt 00:00:47]} 35. Rxf6 {[%clk 00:14:20]} {[%emt
00:00:38]} Ka7 {[%clk 00:08:00]} {[%emt 00:04:12]} 36. Bxe5 {[%clk 00:13:47]}
{[%emt 00:00:42]} Ng8 {[%clk 00:04:05]} {[%emt 00:04:06]} 37. Ra6+ {[%clk
00:13:21]} {[%emt 00:00:36]} Kb7 {[%clk 00:03:51]} {[%emt 00:00:24]} 38. Bxg7
{[%clk 00:13:28]} {[%emt 00:00:03]} Ne7 {[%clk 00:03:24]} {[%emt 00:00:37]} 39.
Rd6 {[%clk 00:12:27]} {[%emt 00:01:10]} Nc6 {[%clk 00:02:21]} {[%emt 00:01:13]}
40. Rd7+ {[%clk 00:12:01]} {[%emt 00:00:36]} Rc7 {[%clk 00:02:18]} {[%emt
00:00:14]} 41. Rxc7+ {[%clk 00:11:14]} {[%emt 00:00:56]} Kxc7 {[%clk 00:02:24]}
{[%emt 00:00:05]} 42. Bxc6 {[%clk 00:11:06]} {[%emt 00:00:18]} Kxc6 {[%clk
00:02:30]} {[%emt 00:00:04]} 43. Kg2 {[%clk 00:10:52]} {[%emt 00:00:25]} Kb6
{[%clk 00:02:37]} {[%emt 00:00:03]} 44. Bc3 {[%clk 00:10:28]} {[%emt 00:00:34]}
1-0

[Event "English Schools Championship Final 2024"]
[Site "Nottingham University Kings Meadow Campus, United Kingdom"]
[Date "2024.06.27"]
[Round "3.77"]
[White "Wood, Ethan"]
[Black "Ma, Haoren"]
[Result "1-0"]
[TimeControl "G50' + 10\" per move."]
[WhiteElo "943"]
[BlackElo "1698"]

1. d4 {[%clk 00:50:17]} {[%emt 00:00:01]} g6 {[%clk 00:50:07]} {[%emt
00:00:14]} 2. Bf4 {[%clk 00:50:15]} {[%emt 00:00:13]} Bg7 {[%clk 00:49:56]}
{[%emt 00:00:21]} 3. Nf3 {[%clk 00:50:05]} {[%emt 00:00:19]} Nf6 {[%clk
00:49:48]} {[%emt 00:00:18]} 4. e3 {[%clk 00:50:06]} {[%emt 00:00:09]} d6
{[%clk 00:49:48]} {[%emt 00:00:10]} 5. Bd3 {[%clk 00:50:05]} {[%emt 00:00:12]}
O-O {[%clk 00:49:36]} {[%emt 00:00:22]} 6. c4 {[%clk 00:49:39]} {[%emt
00:00:36]} Nbd7 {[%clk 00:49:33]} {[%emt 00:00:13]} 7. O-O {[%clk 00:49:13]}
{[%emt 00:00:35]} c5 {[%clk 00:49:29]} {[%emt 00:00:14]} 8. d5 {[%clk
00:48:54]} {[%emt 00:00:30]} b6 {[%clk 00:49:21]} {[%emt 00:00:18]} 9. Nc3
{[%clk 00:48:39]} {[%emt 00:00:25]} Bb7 {[%clk 00:49:18]} {[%emt 00:00:13]} 10.
Re1 {[%clk 00:48:14]} {[%emt 00:00:35]} Re8 {[%clk 00:49:14]} {[%emt 00:00:15]}
11. e4 {[%clk 00:47:51]} {[%emt 00:00:32]} e5 {[%clk 00:48:20]} {[%emt
00:01:04]} 12. dxe6 {[%clk 00:43:04]} {[%emt 00:04:56]} Rxe6 {[%clk 00:47:50]}
{[%emt 00:00:37]} 13. Bc2 {[%clk 00:42:17]} {[%emt 00:01:01]} Ne5 {[%clk
00:47:15]} {[%emt 00:00:46]} 14. Nb5 {[%clk 00:39:21]} {[%emt 00:03:05]} Nh5
{[%clk 00:46:41]} {[%emt 00:00:44]} 15. Bxe5 {[%clk 00:37:32]} {[%emt
00:01:57]} Bxe5 {[%clk 00:46:12]} {[%emt 00:00:39]} 16. Nxe5 {[%clk 00:37:17]}
{[%emt 00:00:22]} dxe5 {[%clk 00:45:43]} {[%emt 00:00:41]} 17. Qe2 {[%clk
00:36:21]} {[%emt 00:01:08]} a6 {[%clk 00:45:34]} {[%emt 00:00:19]} 18. Rad1
{[%clk 00:36:02]} {[%emt 00:00:29]} Qe7 {[%clk 00:45:15]} {[%emt 00:00:29]} 19.
Nc3 {[%clk 00:35:05]} {[%emt 00:01:08]} Qg5 {[%clk 00:45:07]} {[%emt 00:00:16]}
20. Qe3 {[%clk 00:33:45]} {[%emt 00:01:30]} Nf4 {[%clk 00:44:40]} {[%emt
00:00:38]} 21. g3 {[%clk 00:31:47]} {[%emt 00:02:07]} Nh3+ {[%clk 00:44:32]}
{[%emt 00:00:20]} 22. Kg2 {[%clk 00:30:58]} {[%emt 00:00:59]} Qh5 {[%clk
00:42:24]} {[%emt 00:02:18]} 23. Bd3 {[%clk 00:29:57]} {[%emt 00:01:11]} g5
{[%clk 00:41:02]} {[%emt 00:01:32]} 24. Be2 {[%clk 00:29:32]} {[%emt 00:00:35]}
Qh6 {[%clk 00:41:01]} {[%emt 00:00:12]} 25. Bg4 {[%clk 00:29:00]} {[%emt
00:00:41]} Rg6 {[%clk 00:40:37]} {[%emt 00:00:34]} 26. Bxh3 {[%clk 00:28:35]}
{[%emt 00:00:32]} g4 {[%clk 00:39:14]} {[%emt 00:01:38]} 27. Qxh6 {[%clk
00:28:14]} {[%emt 00:00:30]} Rxh6 {[%clk 00:39:16]} {[%emt 00:00:09]} 28. Bxg4
{[%clk 00:28:01]} {[%emt 00:00:19]} Rg6 {[%clk 00:39:01]} {[%emt 00:00:29]} 29.
Bf5 {[%clk 00:27:29]} {[%emt 00:00:42]} Rf6 {[%clk 00:38:20]} {[%emt 00:00:50]}
30. Kg1 {[%clk 00:25:39]} {[%emt 00:01:59]} Kg7 {[%clk 00:38:14]} {[%emt
00:00:18]} 31. Rd2 {[%clk 00:24:46]} {[%emt 00:01:03]} Rb8 {[%clk 00:37:50]}
{[%emt 00:00:33]} 32. Red1 {[%clk 00:24:36]} {[%emt 00:00:20]} a5 {[%clk
00:37:20]} {[%emt 00:00:41]} 33. Rd6 {[%clk 00:24:14]} {[%emt 00:00:31]} Ba6
{[%clk 00:36:56]} {[%emt 00:00:34]} 34. Rxf6 {[%clk 00:23:31]} {[%emt
00:00:53]} Kxf6 {[%emt 00:00:05]} 35. b3 {[%emt 00:00:17]} Kg7 {[%clk
00:36:14]} {[%emt 00:00:31]} 36. Rd6 {[%clk 00:22:50]} {[%emt 00:00:50]} Bc8
{[%clk 00:35:31]} {[%emt 00:00:54]} 37. Rd8 {[%clk 00:21:53]} {[%emt 00:01:08]}
1-0